Vichy (choix multiples) - Statistiques

Statistiques générales
  • Ce quiz a été pris 75 fois
    65 depuis la dernière actualisation
  • Le résultat moyen est 5 sur 10
Statistiques - réponses
Question Réponse % Correct
Quelle expression comporte un mot qui représente très bien Vichy ? Avoir une pastille sur la langue
92%
Quelle type de maladie, les thermes de Vichy traitent-ils ? Le syndrome de l'intestin irritable
63%
Quelle célébrité qui porte le nom d'une capitale est née à Vichy ? Albert Londres
62%
Quelle est la particularité des commerces de Vichy ? Ils sont ouverts tous les dimanches
56%
Quel film avec un nom d'animal dans le titre fut tourné à Vichy ? Les brigades du tigre
50%
Grâce à quel moyen de transport peut-on visiter agréablement la ville de Vichy ?
40%
Quelle gare de Paris qui fait partie de celles du Monopoly doit-on prendre pour se rendre à Vichy ? La gare de Lyon
38%
Quel est le nom du parc de Vichy où l'on organise tous les ans un pique-nique fin juin ? Le parc des Bourins
31%
Quelle anagramme dont la définition du mot est la moins simple est celle du cours d'eau qui traverse Vichy ? Arille
25%
Quel festival de jeux attire à Vichy des personnes qui viennent du monde entier au mois de mai ?
21%
Aucun quiz correspondant
Distribution des résultats
% des personnes avec chaque résultat
Percentile par nombre de réponses
Votre historique - résultats
Vous n’avez pas pris ce quiz depuis la dernière actualisation